LEADER 00955nam0-2200337---450- 001 990008279900403321 005 20060221155435.0 010 $a88-89372-01-X 035 $a000827990 035 $aFED01000827990 035 $a(Aleph)000827990FED01 035 $a000827990 100 $a20060221d2004----km-y0itay50------ba 101 0 $aita 102 $aIT 105 $aa---a---001yy 200 1 $a<>musica algoritmica e l'offerta musicale di J.S.Bach$fFrancesco Russo 210 $aGrottaminarda (Av)$cDelta3 edizioni$dc2004 215 $a126 p.$d28 cm 610 0 $aMatematica$aMusica algoritmica 610 0 $aIsometrie 676 $a781$v21$zita 700 1$aRusso,$bFrancesco$014217 801 0$aIT$bUNINA$gRICA$2UNIMARC 901 $aBK 912 $a990008279900403321 952 $a124-A-39$b21316$fMA1 959 $aMA1 962 $a51-01 996 $aMusica algoritmica e l'offerta musicale di J.S.Bach$9740347 997 $aUNINA LEADER 00913cam a2200229 i 4500 001 991000675479707536 008 041206|2003 sw | | 0|1 0|eng | 020 $a0199265704 035 $ab13256257-39ule_inst 040 $aDip.to Studi Giuridici$bita 082 0 $a355.0330047 100 $aStockholm International Peace Research Institute$0784874 245 00$aSIPRI yearbook 2003 :$barmaments, disarmament and international security /$cStockholm International Peace Research Institute 260 $aOxford :$cOxford University Press,$c2003 300 $axxxvii, 847 p. ;$c24 cm 650 4$aArmamenti$xDisarmo 907 $a.b13256257$b21-04-17$c06-12-04 912 $a991000675479707536 945 $aLE027 355.03 SIP01.03$g1$lle027$o-$pE108.00$q-$rl$s- $t0$u0$v0$w0$x0$y.i13954878$z06-12-04 996 $aSIPRI yearbook 2003$91746874 997 $aUNISALENTO 998 $ale027$b06-12-04$cm$da $e-$feng$gsw $h0$i0